Statistics for San Francisco A-Z

Click here to take the quiz!

General Stats

  • This quiz has been taken 4,309 times
  • The average score is 16 of 26

Answer Stats

Hint Answer % Correct
AInescapable former prison on an islandAlcatraz
99%
EWhat struck the city in 1906Earthquake
96%
GWhat brought people to San Francisco in 1849Gold
94%
RSince 2014, not a single election in the city of San Francisco has
been won by a ...
Republican
88%
UThis Bay Area company has been "disrupting" the taxi industryUber
86%
BCity home to the flagship campus of the University of CaliforniaBerkeley
84%
HThis subculture flocked to the Haight Ashbury district in 1967Hippies
79%
OCity on the eastern side of the Bay BridgeOakland
79%
FSan Francisco is famous for this atmospheric phenomenonFog
74%
JCult leader whose followers "drank the Kool-aid": Jim _____Jones
69%
ZSerial killer of the late 1960s: ______ KillerZodiac
66%
DNickname for a person who is a fan of the Grateful DeadDeadhead
63%
KThis quarterback ruffled feathers when he refused to stand for the National AnthemKaepernick
63%
MSan Francisco was founded in in 1776 as a Spanish _______Mission
59%
WFirst name of Giants sluggers Mays and McCoveyWillie
59%
V1958 Alfred Hitchcock movie set in San FranciscoVertigo
57%
LNickname for San Francisco's beautiful Victorian houses: Painted ______Ladies
50%
QIn 1985, San Francisco activists started making one of these to remember
victims of the AIDS epidemic
Quilt
48%
TSan Francisco based company that Donald Trump utilizes heavilyTwitter
48%
SEnvironmental organization founded by John Muir in 1892: The ______ ClubSierra
44%
XThis mansion from the movie "Citizen Kane" was inspired by the estate
of San Francisco newspaper baron William Randolph Hearst
Xanadu
42%
NNeighborhood known for its opulent mansions: ___ HillNob
41%
CGay neighborhood: _____ DistrictCastro
37%
YAn early name for the town of San Francisco: _____ BuenaYerba
35%
PFormer Spanish and U.S. fort - now a parkPresidio
28%
IColor of the Golden Gate Bridge: ________ OrangeInternational
11%

Score Distribution

Percentile by Number Answered

Percent of People with Each Score

Your Score History

You have not taken this quiz